000 03168cam a2200553 a 4500
003 PE-LiUPU
005 20250731172839.0
008 111011s2011 gau b 101 0 eng
020 _a1589836065
020 _a9781589836068
035 _a(Sirsi) i9781589836068
040 _aPE-LiUPU
_bspa
_cPE-LiUPU
_erda
049 _aPRUA
082 0 0 _a296.495
_bL5
_223
245 0 0 _aLevites and priests in biblical history and tradition /
_cedited by Mark A. Leuchter and Jeremy M. Hutton.
300 _ax, 257 páginas ;
_c23 centímetros.
336 _atext
_2rdacontent
337 _aunmediated
_2rdamedia
338 _avolume
_2rdacarrier
490 1 _aSociety of Biblical Literature. Ancient Israel and its literature ;
_vnumber 9
504 _aBibliografía en cada página.
504 _aÍndice 235-257.
505 0 _aCovenant priesthood : cross-cultural legal and religious aspects of biblical and Hittite priesthood / Ada Taggar-Cohen -- Who is sacrificing at Shiloh? : the priesthoods of ancient Israel's regional sanctuaries / Susan Ackerman -- The Levite diaspora (II) : modern perspectives on the Levitical cities lists (a review of opinions) / Jeremy M. Hutton -- The social status of priestly and Levite women / Sarah Shectman -- The violent origins of the Levites : text and tradition / Joel S. Baden -- Between shadow and substance : the historical relationship of tabernacle and temple in light of architecture and iconography / Cory D. Crawford -- What do the "Levites in your gates" have to do with the "Levitical priests"? : an attempt at European-North American dialogue on the Levites in the Deuteronomic law corpus / Peter Atmann -- Those stubborn Levites : overcoming Levitical disenfranchisement / Stephen L. Cook -- Middle-tier Levites and the plenary reception of revelation / Mark A. Christian -- The cultic status of the Levites in the Temple Scroll : between history and hermeneutics / Jeffrey Stackert -- From Levite to maśkîl in the Persian and Hellenistic eras / Mark Leuchter.
526 _aSEG42
526 _aSEG41
526 _aSEG40
526 _aSEG39
526 _aP94
526 _aP87
526 _aP86
526 _aP85
526 _aP77
526 _aP76
526 _aP35
541 _i72860.
650 0 _aLevitas
_vCongresos.
650 0 _aSacerdotes, Judios
_xEnseñanza bíblica
_vCongresos.
650 0 _aSacerdotes, Judios
_xHistoria
_vCongresos.
700 1 _aHutton, Jeremy Michael.
700 1 _aLeuchter, Mark.
710 2 _aSociety of Biblical Literature.
910 _ajck
_bebj
_cebj
_d20160519
942 _2ddc
_cBOOK
949 _a296.495 L5
_wDEWEY
_c1
_i72860
_d2016-5-23
_e2016-5-20
_lCCODEBUL1
_mBUL
_n1
_p24.00
_r0
_sY
_tBOOK
_u2016-5-19
_xTEOLOGIA
_PP35
_0COMPRA
_o.STAFF. Colección Teología
994 _aC0
_bPEPRU
596 _a1
999 _a296.495 L5
_wDEWEY
_c9403
_i72860
_d9403
_e2016-5-20
_f2021-11-11
_g5
_lCCODEBUL1
_mBUL
_n1
_p24.00
_r0
_sY
_tBOOK
_u2016-5-19
_xTEOLOGIA
_PP35
_0COMPRA
_o.STAFF. Colección Teología
264 _aAtlanta :
_bSociety of Biblical Literature,
_c©2011.
980 _81
_gALBERTO SANCHEZ Responsable de Automatización